<?xml version="1.0" encoding="UTF-8"?>
<collection xmlns="http://www.loc.gov/MARC21/slim">
<record>
  <controlfield tag="001">145274</controlfield>
  <controlfield tag="005">20260217205557.0</controlfield>
  <datafield tag="024" ind1="7" ind2=" ">
    <subfield code="2">doi</subfield>
    <subfield code="a">10.3390/en17184707</subfield>
  </datafield>
  <datafield tag="024" ind1="8" ind2=" ">
    <subfield code="2">sideral</subfield>
    <subfield code="a">140101</subfield>
  </datafield>
  <datafield tag="037" ind1=" " ind2=" ">
    <subfield code="a">ART-2024-140101</subfield>
  </datafield>
  <datafield tag="041" ind1=" " ind2=" ">
    <subfield code="a">eng</subfield>
  </datafield>
  <datafield tag="100" ind1=" " ind2=" ">
    <subfield code="a">De Oliveira-De Jesus, Paulo M.</subfield>
  </datafield>
  <datafield tag="245" ind1=" " ind2=" ">
    <subfield code="a">Optimal power dispatch for maximum energy community welfare by considering closed distribution systems and renewable sources</subfield>
  </datafield>
  <datafield tag="260" ind1=" " ind2=" ">
    <subfield code="c">2024</subfield>
  </datafield>
  <datafield tag="506" ind1="0" ind2=" ">
    <subfield code="a">Access copy available to the general public</subfield>
    <subfield code="f">Unrestricted</subfield>
  </datafield>
  <datafield tag="520" ind1="3" ind2=" ">
    <subfield code="a">Regulatory boards are promoting closed distribution systems (CDSs), which are different from traditional public-access networks, that can be owned and managed by energy communities (ECs). The inclusion of local renewable energy potential and an adequate schedule of storage devices in a CDS allow cooperation among the EC’s members in order to reduce operational expenditure (OPEX), providing internally competitive electricity prices with respect to those provided by publicly regulated networks and electricity markets. The CDS operators can assume a new role as the centralized energy dispatchers of generation and storage assets in order to maximize the profits of the members of the EC. This paper proposes an innovative optimal active and reactive power dispatch model for maximum community welfare conditions. A key difference between this proposal and existing social-welfare-based dispatches on public-access networks is the exclusion of the profit of the external wholesale electricity market. The focus of the proposed method is to maximize the welfare of all community members. A remuneration framework based on a collective EC with a single frontier is adopted, considering agreements between members based on locational marginal pricing (CDS-LMP). Results from an illustrative case study show a reduction of 50% in the EC’s OPEX with a payback time of 6 years for investments in CDSs, renewable sources, and storage.</subfield>
  </datafield>
  <datafield tag="540" ind1=" " ind2=" ">
    <subfield code="9">info:eu-repo/semantics/openAccess</subfield>
    <subfield code="a">by</subfield>
    <subfield code="u">https://creativecommons.org/licenses/by/4.0/deed.es</subfield>
  </datafield>
  <datafield tag="590" ind1=" " ind2=" ">
    <subfield code="a">3.2</subfield>
    <subfield code="b">2024</subfield>
  </datafield>
  <datafield tag="591" ind1=" " ind2=" ">
    <subfield code="a">ENERGY &amp; FUELS</subfield>
    <subfield code="b">112 / 182 = 0.615</subfield>
    <subfield code="c">2024</subfield>
    <subfield code="d">Q3</subfield>
    <subfield code="e">T2</subfield>
  </datafield>
  <datafield tag="592" ind1=" " ind2=" ">
    <subfield code="a">0.713</subfield>
    <subfield code="b">2024</subfield>
  </datafield>
  <datafield tag="593" ind1=" " ind2=" ">
    <subfield code="a">Engineering (miscellaneous)</subfield>
    <subfield code="c">2024</subfield>
    <subfield code="d">Q1</subfield>
  </datafield>
  <datafield tag="593" ind1=" " ind2=" ">
    <subfield code="a">Electrical and Electronic Engineering</subfield>
    <subfield code="c">2024</subfield>
    <subfield code="d">Q2</subfield>
  </datafield>
  <datafield tag="593" ind1=" " ind2=" ">
    <subfield code="a">Energy (miscellaneous)</subfield>
    <subfield code="c">2024</subfield>
    <subfield code="d">Q2</subfield>
  </datafield>
  <datafield tag="593" ind1=" " ind2=" ">
    <subfield code="a">Renewable Energy, Sustainability and the Environment</subfield>
    <subfield code="c">2024</subfield>
    <subfield code="d">Q2</subfield>
  </datafield>
  <datafield tag="593" ind1=" " ind2=" ">
    <subfield code="a">Fuel Technology</subfield>
    <subfield code="c">2024</subfield>
    <subfield code="d">Q2</subfield>
  </datafield>
  <datafield tag="593" ind1=" " ind2=" ">
    <subfield code="a">Control and Optimization</subfield>
    <subfield code="c">2024</subfield>
    <subfield code="d">Q2</subfield>
  </datafield>
  <datafield tag="593" ind1=" " ind2=" ">
    <subfield code="a">Energy Engineering and Power Technology</subfield>
    <subfield code="c">2024</subfield>
    <subfield code="d">Q2</subfield>
  </datafield>
  <datafield tag="594" ind1=" " ind2=" ">
    <subfield code="a">7.3</subfield>
    <subfield code="b">2024</subfield>
  </datafield>
  <datafield tag="655" ind1=" " ind2="4">
    <subfield code="a">info:eu-repo/semantics/article</subfield>
    <subfield code="v">info:eu-repo/semantics/publishedVersion</subfield>
  </datafield>
  <datafield tag="700" ind1=" " ind2=" ">
    <subfield code="a">Yusta, Jose M.</subfield>
    <subfield code="u">Universidad de Zaragoza</subfield>
    <subfield code="0">(orcid)0000-0003-3174-9703</subfield>
  </datafield>
  <datafield tag="710" ind1="2" ind2=" ">
    <subfield code="1">5009</subfield>
    <subfield code="2">535</subfield>
    <subfield code="a">Universidad de Zaragoza</subfield>
    <subfield code="b">Dpto. Ingeniería Eléctrica</subfield>
    <subfield code="c">Área Ingeniería Eléctrica</subfield>
  </datafield>
  <datafield tag="773" ind1=" " ind2=" ">
    <subfield code="g">17, 18 (2024), 4707 [21 pp.]</subfield>
    <subfield code="p">ENERGIES</subfield>
    <subfield code="t">Energies</subfield>
    <subfield code="x">1996-1073</subfield>
  </datafield>
  <datafield tag="856" ind1="4" ind2=" ">
    <subfield code="s">999241</subfield>
    <subfield code="u">http://zaguan.unizar.es/record/145274/files/texto_completo.pdf</subfield>
    <subfield code="y">Versión publicada</subfield>
  </datafield>
  <datafield tag="856" ind1="4" ind2=" ">
    <subfield code="s">2698709</subfield>
    <subfield code="u">http://zaguan.unizar.es/record/145274/files/texto_completo.jpg?subformat=icon</subfield>
    <subfield code="x">icon</subfield>
    <subfield code="y">Versión publicada</subfield>
  </datafield>
  <datafield tag="909" ind1="C" ind2="O">
    <subfield code="o">oai:zaguan.unizar.es:145274</subfield>
    <subfield code="p">articulos</subfield>
    <subfield code="p">driver</subfield>
  </datafield>
  <datafield tag="951" ind1=" " ind2=" ">
    <subfield code="a">2026-02-17-20:42:59</subfield>
  </datafield>
  <datafield tag="980" ind1=" " ind2=" ">
    <subfield code="a">ARTICLE</subfield>
  </datafield>
</record>
</collection>